| 000 | 00617nam a2200229Ia 4500 | ||
|---|---|---|---|
| 003 | OSt | ||
| 005 | 20221002054111.0 | ||
| 006 | a|||||r|||| 00| 0 | ||
| 007 | ta | ||
| 008 | 220930b |||||||| |||| 00| 0 eng d | ||
| 024 | _a60917 | ||
| 037 | _cReference Collections | ||
| 040 |
_aCRL _cCRL _beng |
||
| 041 |
_2eng _aeng |
||
| 082 | _aU8.4295, M6 (RR) | ||
| 245 | 0 |
_aBALI AND Lombok _b A travel survival kit |
|
| 260 |
_aAustralia _bLonely Plane _c1986 |
||
| 300 |
_a223P. _ccm. |
||
| 650 | _aGEOGRAPHY | ||
| 942 |
_hU8.4295, M6 (RR) _cref _2CC |
||
| 999 |
_c924034 _d924034 |
||